| 000 | 00932nam0a22002651 4500 | ||
|---|---|---|---|
| 001 | rc\2600954 | ||
| 005 | 20110914165810.2 | ||
| 035 | _a(NLR Aleph) 006765031 | ||
| 090 |
_a5884561 _c5884561 |
||
| 100 | _a20110914d1930 |||y0rusy50 ca | ||
| 101 | 0 | _arus | |
| 102 | _aRU | ||
| 105 | _ay z |||h| | ||
| 200 | 1 |
_aЗадачи союзов молодежи _e(Речь на III Съезде Комсомола 2 окт. 1920 г.) _fВ. Ульянов (Ленин) |
|
| 210 |
_a[Москва] _cМолодая гвардия _d1930 |
||
| 215 |
_a40 с. _d16 см. |
||
| 300 | _aНа тит. л. ошибочно: 4 октября 1920 г. | ||
| 700 | 1 |
_aЛенин _bВ. И. _gВладимир Ильич |
|
| 712 | 0 | 2 |
_aВЛКСМ _bСъезд _d3 _f1920 _eМосква |
| 712 | 0 | 2 |
_aВЛКСМ _3RU\NLR\AUTH\8810022490 |
| 801 | 0 |
_aRU _bNLR _gpsbo |
|
| 801 | 1 |
_aRU _bELAR _2rusmarc |
|
| 852 |
_aNLR _jЛ 1-20/9-32 |
||
| 942 | _cBOOK | ||
| 980 | _aNB | ||